The Voice USA - les coachs - Statistiques

Statistiques générales
  • Ce quiz a été pris 164 fois
  • Le résultat moyen est 8 sur 15
Statistiques - réponses
Hint Réponse % Correct
Saison 21 Ariana Grande
82%
Saison 1 - 16 Adam Levine
75%
Saison 16 - John Legend
56%
Saison 4, 6 Shakira
56%
Saison 7, 9, 12, 17, 19 Gwen Stefani
53%
Saison 14 - Kelly Clarkson
51%
Saison 11, 13 Miley Cyrus
50%
Saison 11, 12, 14 Alicia Keys
49%
Saison 1 - Blake Shelton
49%
Saison 1 - 3, 5, 8, 10 Christina Aguilera
47%
Saison 7 - 10 Pharell Williams
41%
Saison 18, 20 Nick Jonas
40%
Saison 4, 6 Usher
37%
Saison 13, 15 Jennifer Hudson
34%
Saison 1 - 3, 5 Cee Lo Green
32%
Aucun quiz correspondant
Distribution des résultats
% des personnes avec chaque résultat
Percentile par nombre de réponses
Votre historique - résultats
Vous n’avez pas pris ce quiz